<?xml version="1.0" encoding="UTF-8"?><?xml-stylesheet type="text/xsl" href="static/style.xsl"?><OAI-PMH xmlns="http://www.openarchives.org/OAI/2.0/" xmlns:xsi="http://www.w3.org/2001/XMLSchema-instance" xsi:schemaLocation="http://www.openarchives.org/OAI/2.0/ http://www.openarchives.org/OAI/2.0/OAI-PMH.xsd"><responseDate>2026-06-01T02:20:25Z</responseDate><request verb="GetRecord" identifier="oai:riuma.uma.es:10630/29919" metadataPrefix="marc">https://riuma.uma.es/rest/oai/request</request><GetRecord><record><header><identifier>oai:riuma.uma.es:10630/29919</identifier><datestamp>2026-02-03T11:55:02Z</datestamp><setSpec>com_10630_2254</setSpec><setSpec>col_10630_37959</setSpec></header><metadata><record xmlns="http://www.loc.gov/MARC21/slim" xmlns:dcterms="http://purl.org/dc/terms/" xmlns:doc="http://www.lyncode.com/xoai" xmlns:xsi="http://www.w3.org/2001/XMLSchema-instance" xsi:schemaLocation="http://www.loc.gov/MARC21/slim http://www.loc.gov/standards/marcxml/schema/MARC21slim.xsd">
   <leader>00925njm 22002777a 4500</leader>
   <datafield ind2=" " ind1=" " tag="042">
      <subfield code="a">dc</subfield>
   </datafield>
   <datafield ind2=" " ind1=" " tag="720">
      <subfield code="a">Fernández-de-Cañete-Rodríguez, Francisco Javier</subfield>
      <subfield code="e">author</subfield>
   </datafield>
   <datafield ind2=" " ind1=" " tag="720">
      <subfield code="a">Ramos-Diaz, Juan Carlos</subfield>
      <subfield code="e">author</subfield>
   </datafield>
   <datafield ind2=" " ind1=" " tag="720">
      <subfield code="a">Fernández de Cañete, Rafael</subfield>
      <subfield code="e">author</subfield>
   </datafield>
   <datafield ind2=" " ind1=" " tag="260">
      <subfield code="c">2018</subfield>
   </datafield>
   <datafield ind2=" " ind1=" " tag="520">
      <subfield code="a">Mathematical modelling of complex biological systems is one of the key issues in System Biology and several computational methods based on computer simulation have been applied up to now to determine the behaviour of nonlinear systems. System Dynamics is an intuitive modelling methodology based on qualitative reasoning whereby a conceptual model can be described as a set of cause-effect relationships between variables of a system. Starting from this structure it is possible to get a set of dynamical equations describing quantitatively the system behaviour. Focusing on pharmacologic systems, compartmental modelling is often used for solving a broad spectrum of problems related to the distribution of materials in living systems in research, diagnosis and therapy at whole-body, organ and cellular levels.&#xd;
In this paper we present the System Dynamics modelling methodology and its application to the modelling of a pharmacokinetic-pharmacodynamic compartmental model of the anaesthetic depth effect in patients undergoing surgical interventions, deriving a simulation model under the OpenModelica object oriented simulation environment. System Dynamics can be viewed as a powerful and easy-to-use educational tool and in teaching of Systems Biology.&#xd;
.</subfield>
   </datafield>
   <datafield ind1="8" ind2=" " tag="024">
      <subfield code="a">https://hdl.handle.net/10630/29919</subfield>
   </datafield>
   <datafield tag="653" ind2=" " ind1=" ">
      <subfield code="a">Análisis de sistemas - Congresos</subfield>
   </datafield>
   <datafield ind2="0" ind1="0" tag="245">
      <subfield code="a">System Dynamics Modelling in Systems Biology and Applications in Pharmacology</subfield>
   </datafield>
</record>
</metadata></record></GetRecord></OAI-PMH>